000 01001nam a22002657a 4500
001 46276
003 UA-OsUOA
005 20260310174955.0
007 ta
008 20120207b un ||||| |||| 00| 0 ukr d
040 _aUA-OsUOA
_bukr
_cUA-OsUOA
_dUA-OsUOA
041 _aukr
080 _a94(477).152
090 _a94(477).152
_bП12
100 _aПавличенко Т. К.
_919394
245 _aРух національної єдности (З приводу Ювілейної конференції УНО Канади)
_cТ. К. Павличенко
260 _aВінніпеґ
_c1952
_bНакладом Українського Національного Об'єднання Канади
300 _a30 с.
490 _aСамоосвіта
650 7 _a94(477).15 Українці за межами України
_2UDC
_91446
942 _cBR
_2udc
955 _a1
999 _c426386
_d426386